Online katalóg knižníc regiónu Turca

Čierny trpaslík (Record no. 20467)

MARC details
000 -LEADER
fixed length control field 01121nam a22003250i 4500
001 - CONTROL NUMBER
control field 20467
003 - CONTROL NUMBER IDENTIFIER
control field VRT
005 - DATE AND TIME OF LATEST TRANSACTION
control field 20260122143941.0
008 - FIXED-LENGTH DATA ELEMENTS--GENERAL INFORMATION
fixed length control field 090725s1995 SK r 000 slo d
020 ## - INTERNATIONAL STANDARD BOOK NUMBER
International Standard Book Number 8088834511
035 ## - SYSTEM CONTROL NUMBER
System control number (SVKBBclas03)vtls000020046
039 #9 - LEVEL OF BIBLIOGRAPHIC CONTROL AND CODING DETAIL [OBSOLETE]
Level of rules in bibliographic description 201810181054
Level of effort used to assign nonsubject heading access points AUTHORITY
Level of effort used to assign subject headings 201810181049
Level of effort used to assign classification AUTHORITY
040 ## - CATALOGING SOURCE
Original cataloging agency SVKBB
Language of cataloging slo
Transcribing agency SVKBB
Description conventions AACR2
041 0# - LANGUAGE CODE
Language code of text/sound track or separate title slo
080 ## - UNIVERSAL DECIMAL CLASSIFICATION NUMBER
Universal Decimal Classification number 820-31=854
090 ## - LOCALLY ASSIGNED LC-TYPE CALL NUMBER (OCLC); LOCAL CALL NUMBER (RLIN)
Classification number (OCLC) (R) ; Classification number, CALL (RLIN) (NR) A 94684
100 1# - MAIN ENTRY--PERSONAL NAME
Personal name Scott, Walter,
Dates associated with a name 1771-1832,
245 00 - TITLE STATEMENT
Title Čierny trpaslík
Remainder of title (1816)
Statement of responsibility, etc. Walter Scott; prel. Ružena Krajíčková, Blahoslav Hečko
260 ## - PUBLICATION, DISTRIBUTION, ETC.
Place of publication, distribution, etc. Rohovce
Name of publisher, distributor, etc. Interpopulart Slovakia
Date of publication, distribution, etc. [1995]
300 ## - PHYSICAL DESCRIPTION
Extent 124 s.
Other physical details Pozn.
Dimensions 19 cm
440 0# - SERIES STATEMENT/ADDED ENTRY--TITLE
Title (Populart).
500 ## - GENERAL NOTE
General note Študentská knižnica. Séria: Anglosaská romantická literatúra
653 ## - INDEX TERM--UNCONTROLLED
Uncontrolled term romány anglické.
700 1# - ADDED ENTRY--PERSONAL NAME
Personal name Krajíčková, Ružena.
Relationship prekl.
700 1# - ADDED ENTRY--PERSONAL NAME
Personal name Hečko, Blahoslav,
Dates associated with a name 1915-2002,
Relationship prekl.
942 ## - ADDED ENTRY ELEMENTS (KOHA)
Source of classification or shelving scheme Dewey Decimal Classification
Koha item type Krásna literatúra pre dospelých
Suppress in OPAC No
949 ## - LOCAL PROCESSING INFORMATION (OCLC)
6 270001000030582
a svkbbA 94684
b svkbbm 613236
949 ## - LOCAL PROCESSING INFORMATION (OCLC)
6 270001000066138
a svkbbA 94684
b svkbbm 612599
949 ## - LOCAL PROCESSING INFORMATION (OCLC)
6 270001000066139
a svkbbA 94684-a
b svkbbm 612600
Holdings
Stav vyradenia Strata Poškodenie Spôsob nadobudnutia Domovská knižnica Aktuálna knižnica Dátum nadobudnutia Total checkouts Čiarový kód exemplára Date last seen Typ exemplára
      Dar Obecná knižnica Horná Štubňa Obecná knižnica Horná Štubňa 22.01.2026   8088834511 22.01.2026 Krásna literatúra pre dospelých
Projekt je podporený Slovenskou asociáciou knižníc
Prevádzkuje Turčianska knižnica Martin 2026